00707nam a2200277Ia 4500003000400000005001700004008004100021020001800062050001900080050001400099100002100113245005900134245001600193245002100209250002000230260001700250260002500267260000900292300001600301300002000317300001100337650002600348650002100374650001700395650001700412SMC20170208133758.0160303s9999 xx 000 0 und d a971-08-6534-X aFIL KPM 1744.5 b.N65 2004 aNolledo, Jose N. 4aThe Constitution of the Republic of the Philippines : bexplained / cJose N. Nolledo. aRevised Edition aMandaluyong: bNational Book Store, c2004 a239 pages : billustrations ; c25 cm. aConstitutional law -- aConstitutions -- xPhilippines. xPhilippines.